000 00873nam a22002057a 4500
005 20220315104715.0
008 220315b ||||| |||| 00| 0 eng d
020 _a978935269*2736
040 _cAL
041 _aeng
082 _223
_a332
_bAROG
100 _aNeha Arora
_923694
245 _aGlobalised economy and banking sector
260 _aNew Delhi
_bRandom Publications
_c2019
300 _aviii,298p.
_bHB
_c23.5x15.5cm.
365 _2General
_aABDI/0566/22
_b₹1462.50
_c
_d₹1950.00
_e25%
_f7-3-2022
520 _aGlobal economic system; monetary theory in economy; international monetary systems; banking sector; customer relationship management in banking sector; the marketing mix in banking sector; the role of the banking system in the economy; theories of multinational banking; foreign exchange management.
650 _2Economics
942 _2ddc
_cBK
999 _c221882
_d221882